000 00348 a2200109 4500
001 ART_44638
005 20260410162002.0
008 260409a
245 1 0 _aLa aplicación penal más benigna y los delitos de lesa humanidad
100 1 _aBadeni, Gregorio
773 0 _tPensar en derecho
_g- Año 5, Nº 10 (oct. 2017)
_wREV28996
999 _c31354
_d31354